| 000 | 00626nam a2200205Ia 4500 | ||
|---|---|---|---|
| 003 | GCL | ||
| 008 | 140319s9999 xx 000 0 ara d | ||
| 040 |
_aGCL / _cGCL |
||
| 082 | 0 | 4 |
_a843 _bق ا |
| 100 | 1 | _aقصيرى، البير | |
| 245 | 1 | 0 |
_aمنزل الموت الاكيد / _cقصيرى، البير |
| 700 | 1 | _aمحمد قاسم | |
| 260 |
_a[S.N] : _bدار سعاد الصباح ، _c1992 |
||
| 300 | _a144 ص | ||
| 490 |
_aسلسلة رواية _v0 |
||
| 650 | 0 | 4 | _aالادب العربى |
| 650 | 0 | 4 | _aالقصص العربية المترجمة |
| 650 | 0 | 4 | _aالقصص الفرنسية |
| 942 |
_2ddc _cBK |
||
| 999 |
_c58032 _d58032 |
||